000 00583nam a2200241Ia 4500
003 OSt
005 20250329143617.0
008 210329s9999||||xx |||||||||||||| ||und||
020 _a0571202551
040 _cSTCPL
041 _aENG
082 _a821
_bELI-O
100 _aEliot, T S
245 0 _aOld possums book of practical cats /
_cby T S Eliot
260 _aLondon :
_bFaner And Faber ,
_c1999 .
300 _a49 p.
_bPB
650 _aEnglish Poetry
650 _aEnglish Literature
650 _aPoem
650 _aGeneral Reading
942 _cBK
942 _2ddc
_n0
999 _c49397
_d49397